| 000 | 01008nam a22002657a 4500 | ||
|---|---|---|---|
| 001 | 42022 | ||
| 003 | UA-OsUOA | ||
| 005 | 20220811135852.0 | ||
| 007 | ta | ||
| 008 | 20081116b un ||||| |||| 00| 0 ukr d | ||
| 040 |
_aUA-OsUOA _bukr _cUA-OsUOA _dUA-OsUOA |
||
| 041 | _aukr | ||
| 080 | _a94(477).152 (К) | ||
| 090 |
_a94(477).152 (К) _bК64 |
||
| 100 | _aКондра П., Міненко Т. | ||
| 245 |
_aРозбудова української громади в Канаді. Співпраця українських організацій і церкви в Канаді _cПетро Кондра, Тимофій Міненко |
||
| 260 |
_aВінніпег _c1985 |
||
| 300 | _a44 с. | ||
| 650 | 7 |
_a9 Географія. Біографії. Історія _2UDC |
|
| 700 | _aМіненко Тимофій | ||
| 942 |
_cBR _2udc |
||
| 955 | _a4 | ||
| 999 |
_c440522 _d440522 |
||